Zhodnotenie dôsledkov veternej kalamity na území Tatranského národného parku = Analysis of windthrow disaster results on the territory of the Tatra National Park : Bakalárska práca

Uložené v:
Podrobná bibliografia
Hlavný autor: Kohútová, Jana (Autor)
Ďalší autori: Michalíková, Anna, 1955- (xxx)
Médium: Rukopis Kniha
Jazyk:Slovak
Vydavateľské údaje: Trnava : STU v Bratislave MTF UBEI, 2007
Predmet:
Tagy: Pridať tag
Žiadne tagy, Buďte prvý, kto otaguje tento záznam!

MARC

LEADER 00000ntm a22000003a 4500
001 stu145788
005 20160719155738.9
008 070924s2007----xo------------------slo-d
040 |a STU  |b slo 
041 0 |a slo 
044 |a xo 
100 1 |a Kohútová, Jana  |4 aut 
245 1 |a Zhodnotenie dôsledkov veternej kalamity na území Tatranského národného parku = Analysis of windthrow disaster results on the territory of the Tatra National Park :  |b Bakalárska práca 
260 |a Trnava :  |b STU v Bratislave MTF UBEI,  |c 2007 
300 |a 37 s  |c 1 CD-ROM 
500 |a Odbor: Inžinierstvo životného prostredia 
650 7 |a veterná kalamita  |2 stusub 
650 7 |a ekosystémy  |2 stusub 
700 1 |a Michalíková, Anna,  |d 1955-  |4 xxx  |u M5000  |U MTF Materiálovotechnologická fakulta  |T MTF Ústav bezpečnosti, environmentu a kvality  |X 2811  |U M5000  |Y 85  |7 A000002811 
996 |b 284M065973  |c M*BP-2426  |l MMSKP  |s P  |a 0  |w stu145788_0001